[Event "ITA-ch Seniors 31st"]
[Site "Arvier"]
[Date "2009.05.02"]
[Round "9"]
[White "Centofante, Maria Rosa"]
[Black "Priori, Luigi"]
[Result "1/2-1/2"]
[WhiteElo "1603"]
[BlackElo "1806"]
[PlyCount "69"]
[EventDate "2009.04.24"]
[EventType "swiss"]
[EventRounds "9"]
[EventCountry "ITA"]
[SourceTitle "EXT 2011"]
[Source "ChessBase"]
[SourceDate "2010.11.26"]
[SourceVersion "1"]
[SourceVersionDate "2010.11.26"]
[SourceQuality "1"]

1. d4 d5 2. Nf3 Nf6 3. c4 c6 4. Nc3 e6 5. Bg5 dxc4 6. e4 b5 7. e5 h6 8. exf6 hxg5 9. Nxg5 Qxf6 10. Nge4 Qd8 11. Be2 Bb7 12. Bf3 a6 13. a3 Nd7 14. b3 cxb3 15. Qxb3 Qc7 16. h3 c5 17. 0-0 c4 18. Qb2 Nb6 19. Rfd1 Nd5 20. Nxd5 Bxd5 21. Rdc1 Rc8 22. Rc2 f6 23. Rc3 Rh4 24. Qe2 Kf7 25. Qe3 Qf4 26. g3 Qxe3 27. Rxe3 Rxh3 28. Kg2 Rh6 29. g4 Be7 30. Nc3 Bxf3+ 31. Rxf3 Bd8 32. Re1 Rh8 33. Re4 Re8 34. Re5 Bb6 35. d5 1/2-1/2

[Event "ITA-ch Seniors 31st"]
[Site "Arvier"]
[Date "2009.04.30"]
[Round "7"]
[White "Fisauli, Francesco"]
[Black "Priori, Luigi"]
[Result "1/2-1/2"]
[WhiteElo "1832"]
[BlackElo "1806"]
[PlyCount "42"]
[EventDate "2009.04.24"]
[EventType "swiss"]
[EventRounds "9"]
[EventCountry "ITA"]
[SourceTitle "EXT 2011"]
[Source "ChessBase"]
[SourceDate "2010.11.26"]
[SourceVersion "1"]
[SourceVersionDate "2010.11.26"]
[SourceQuality "1"]

1. e4 e5 2. Nf3 Nc6 3. Bb5 d6 4. 0-0 Nge7 5. d3 Bd7 6. Bg5 f6 7. Be3 a6 8. Ba4 f5 9. Bg5 h6 10. Bxe7 Qxe7 11. Nc3 0-0-0 12. Nd5 Qe8 13. Re1 f4 14. c4 g5 15. b4 Be6 16. Bxc6 Qxc6 17. a4 Bxd5 18. cxd5 Qb6 19. Qc2 Kb8 20. a5 Qb5 21. Rac1 Rh7 1/2-1/2

[Event "Arvier op 1st"]
[Site "Arvier"]
[Date "2004.01.05"]
[Round "5"]
[White "Dvirnyy, Danyyil"]
[Black "Priori, Luigi"]
[Result "1-0"]
[WhiteElo "1633"]
[BlackElo "1588"]
[PlyCount "59"]
[EventDate "2004.01.02"]
[EventType "swiss"]
[EventRounds "7"]
[EventCountry "ITA"]
[SourceTitle "CBM 098 Extra"]
[Source "ChessBase"]
[SourceDate "2004.03.10"]
[SourceVersion "2"]
[SourceVersionDate "2004.03.10"]
[SourceQuality "1"]

1. e4 e6 2. d4 d5 3. e5 c5 4. c3 Nc6 5. Nf3 Qb6 6. Bd3 cxd4 7. cxd4 Bd7 8. 0-0 Nxd4 9. Nxd4 Qxd4 10. Nc3 Qxe5 11. Re1 Qd6 12. Qf3 Be7 13. Bf4 Qb6 14. Qg3 g6 15. Be5 f6 16. Bc7 Qc5 17. Rac1 Qb4 18. Nxd5 exd5 19. Bd6 Qb6 20. Bxg6+ hxg6 21. Qxg6+ Kf8 22. Rxe7 Nxe7 23. Qxf6+ Kg8 24. Qg5+ Kh7 25. Qxe7+ Kg6 26. Rc3 Qd4 27. Rg3+ Bg4 28. Qe6+ Kh7 29. Qf7+ Kh6 30. Bf4+ 1-0

[Event "Arvier op 1st"]
[Site "Arvier"]
[Date "2004.01.05"]
[Round "6"]
[White "Priori, Luigi"]
[Black "Xia, Jie"]
[Result "1/2-1/2"]
[WhiteElo "1588"]
[BlackElo "1738"]
[PlyCount "103"]
[EventDate "2004.01.02"]
[EventType "swiss"]
[EventRounds "7"]
[EventCountry "ITA"]
[SourceTitle "CBM 098 Extra"]
[Source "ChessBase"]
[SourceDate "2004.03.10"]
[SourceVersion "2"]
[SourceVersionDate "2004.03.10"]
[SourceQuality "1"]

1. d4 Nf6 2. c4 g6 3. Nc3 Bg7 4. e4 d6 5. f3 0-0 6. Be3 e5 7. d5 Nbd7 8. Qd2 Ne8 9. h4 f5 10. exf5 gxf5 11. g3 a5 12. Bh6 Nc5 13. Bxg7 Nxg7 14. h5 e4 15. 0-0-0 Qf6 16. Re1 Bd7 17. Kb1 Rf7 18. Bg2 Nd3 19. Rf1 Qd4 20. fxe4 Qxc4 21. h6 Ne8 22. Qg5+ Kh8 23. Bh3 Ne5 24. Qe3 Nf6 25. Nge2 Nfg4 26. Bxg4 Nxg4 27. Qg5 Qd3+ 28. Ka1 Rg8 29. Qc1 Rgf8 30. Rhg1 Rf6 31. Nf4 Qc4 32. Ne6 Bxe6 33. dxe6 Rxe6 34. Rxf5 Rxf5 35. exf5 Rxh6 36. Re1 Qf7 37. Qg5 Qg8 38. Qe7 Rf6 39. Qd7 Rf7 40. Re7 Ne5 41. Qxc7 Rxf5 42. Qxd6 Rf1+ 43. Nb1 Nc6 44. Rxb7 Qg6 45. Qxg6 hxg6 46. a3 Nd4 47. Ra7 Rg1 48. Ka2 Rxg3 49. Rxa5 g5 50. Nc3 Rg1 51. Rd5 Ne6 52. a4 1/2-1/2

[Event "Arvier op 1st"]
[Site "Arvier"]
[Date "2004.01.04"]
[Round "4"]
[White "Priori, Luigi"]
[Black "Marguerettaz, Davy"]
[Result "1-0"]
[WhiteElo "1588"]
[BlackElo "1600"]
[PlyCount "69"]
[EventDate "2004.01.02"]
[EventType "swiss"]
[EventRounds "7"]
[EventCountry "ITA"]
[SourceTitle "CBM 098 Extra"]
[Source "ChessBase"]
[SourceDate "2004.03.10"]
[SourceVersion "2"]
[SourceVersionDate "2004.03.10"]
[SourceQuality "1"]

1. d4 c5 2. d5 d6 3. c4 e5 4. Nc3 Nf6 5. e4 Be7 6. f3 0-0 7. Be3 Nbd7 8. Qd2 Nb6 9. 0-0-0 Bd7 10. g4 h6 11. g5 hxg5 12. Bxg5 Nh7 13. Bxe7 Qxe7 14. h4 Qf6 15. b3 Rfd8 16. Qe3 a5 17. Bd3 Nf8 18. Nge2 Ng6 19. h5 Nf4 20. Nxf4 exf4 21. Qd2 g5 22. hxg6 fxg6 23. Rh6 Qf7 24. Rdh1 Qg7 25. Rh8+ Qxh8 26. Rxh8+ Kxh8 27. Qxf4 Be8 28. e5 Nc8 29. Qf6+ Kg8 30. Qxd8 Kf7 31. e6+ Kf8 32. Qf6+ Kg8 33. Bxg6 Bxg6 34. Qxg6+ Kf8 35. Qf7# 1-0

[Event "Arvier op 1st"]
[Site "Arvier"]
[Date "2004.01.03"]
[Round "3"]
[White "Laurenti, Stefano"]
[Black "Priori, Luigi"]
[Result "1-0"]
[WhiteElo "1627"]
[BlackElo "1588"]
[PlyCount "54"]
[EventDate "2004.01.02"]
[EventType "swiss"]
[EventRounds "7"]
[EventCountry "ITA"]
[SourceTitle "CBM 098 Extra"]
[Source "ChessBase"]
[SourceDate "2004.03.10"]
[SourceVersion "2"]
[SourceVersionDate "2004.03.10"]
[SourceQuality "1"]

1. e4 e6 2. c4 d5 3. exd5 exd5 4. d4 Nf6 5. Nf3 Bg4 6. Qb3 Bxf3 7. Qxb7 Qe7+ 8. Be3 Qb4+ 9. Qxb4 Bxb4+ 10. Nd2 Bxd2+ 11. Kxd2 Be4 12. Bf4 c6 13. f3 Bf5 14. cxd5 Nxd5 15. Bd6 Kd7 16. Bg3 Be6 17. Rc1 Rc8 18. a3 Ke7 19. Bd3 g6 20. Rhe1 Kf8 21. b4 a6 22. Rc2 Bd7 23. Bc4 Re8 24. Bd6+ Kg8 25. Rxe8+ Bxe8 26. Bxd5 cxd5 27. Rc8 Kg7 1-0